Las relaciones entre México y el Vaticano / (Record no. 14066)

000 -CABECERA
fixed length control field 00790nam a22002177a 4500
003 - IDENTIFICADOR DEL NÚMERO DE CONTROL
control field AR-CdUCM
008 - DATOS DE LONGITUD FIJA--INFORMACIÓN GENERAL
fixed length control field 190417b ||||| |||| 00| 0 spa d
040 ## - FUENTE DE LA CATALOGACIÓN
Agencia/entidad que catalogó originalmente la obra MUNICIPALIDAD PROVINCIAL DEL CUSCO
Entidad que transcribió la catalogación BIBLIOTECA MUNICIPAL DEL CUSCO
082 ## - NÚMERO DE LA CLASIFICACIÓN DECIMAL DEWEY
No. de Clasificación 343.974 /
Notacion interna A67
100 ## - ENTRADA PRINCIPAL--NOMBRE DE PERSONA
Nombre Personal Ramirez Cabañas, Joaquin
245 ## - MENCIÓN DE TÍTULO
Título Las relaciones entre México y el Vaticano /
260 ## - PUBLICACIÓN, DISTRIBUCIÓN, ETC.
Lugar de publicación, distribución, etc. México .
Nombre de la editorial, distribuidor, etc. Porrua,
Fecha de publicación, distribución, etc. 1970.
300 ## - DESCRIPCIÓN FÍSICA
Nº de Páginas Extensión 238 páginas ;
Dimensiones 21 cm.
440 ## - MENCIÓN DE SERIE/PUNTO DE ACCESO ADICIONAL--TÍTULO
Título Archivo histórico diplomático mexicano
Número de la parte/sección de una obra 27
9 (RLIN) 32739
505 ## - NOTA DE CONTENIDO CON FORMATO
Nota de contenido formateada Contenido : Introductorio -- Documentos -- Decreto de 4 de mayo de 1822, sobre enviados a las potencias extranjeras ...
650 ## - PUNTO DE ACCESO ADICIONAL DE MATERIA--TÉRMINO DE MATERIA
Descriptor Sociales
9 (RLIN) 28612
650 ## - PUNTO DE ACCESO ADICIONAL DE MATERIA--TÉRMINO DE MATERIA
Descriptor México
9 (RLIN) 18
650 ## - PUNTO DE ACCESO ADICIONAL DE MATERIA--TÉRMINO DE MATERIA
Descriptor Vaticano
9 (RLIN) 32442
942 ## - ELEMENTOS DE PUNTO DE ACCESO ADICIONAL (KOHA)
Fuente de clasificación
Tipo de item Libros-BMC
945 ## - PROCESAMIENTO DE INFORMACIÓN LOCAL (OCLC)
Catalogador rah
AAAA-MM-DD - Fecha de ingreso o modificacion 17/04/2019
Holdings
Estado de retiro (separado) Fuente de clasificación o esquema de estanterías Estado dañado Ubicación Sala donde se ubica Nombre de la colección Fecha de adquisición o compra Costo, precio normal en soles Signatura topográfica Código de Barras Última vez visto (Koha) Tipo de ítem (Koha)
No     Sala Humanidades Sala Humanidades Book Cart 2019-04-17 30.00 343.974 / A67 SH0000010527 2019-04-17 Libros-BMC

Powered by Koha